Long Way Home (Запис № 17981)

000 -Маркер запису
Контрольне поле сталої довжини 02079nam a22002417a 4500
003 - Належність контрольного номера
Контрольне поле Uzh_bibl
008 - Кодовані дані
Контрольне поле сталої довжини 260525b |||||||| |||| 00| 0 ukr d
020 ## - Індекс ISBN
ISBN 978-1-4052-5591-2
Ціна 100.00
040 ## - Джерело каталогіз.
Код мови каталог. укр.
041 ## - Код мови видання
Код мови оригіналу англійська
Код мови тексту англійська
080 ## - Індекс УДК
Індекс УДК 821(410)
090 ## - Шифри
Поличний індекс 821(410)
Авторський знак М 83
100 ## - Автор
Автор Morpurgo, Michael
245 ## - Назва
Назва Long Way Home
Фізичний носій Text
260 ## - Вихідні дані
Місце видання London
Видавництво Egmont UK Limited
Дата видання 2010
300 ## - Фізичний опис
Обсяг 150 s.
520 ## - Анотація
Анотація Since the beginning of time, strange and mysterious things have happened here...At the furthest edge of Britain, where the sea gently washes over the land and myths brush against reality, lies Zennor. Set in a churchtown where men become beats and ghosts roam freely, these are haunting and unforgettable tales where magic lies around every corner.Зворушлива історія про сироту-хлопчика, який шукає родину, від автора «Військового коня» та колишнього лауреата дитячої премії Майкла Морпурго.<br/><br/>Ще одне літо. Ще одна прийомна сім'я. Джордж уже вирішив втекти назад до дитячого будинку. Жодна з попередніх сімей не хотіла його. Чому Дайєрс мають бути іншими? Але Джордж починає почуватися спокійно з Томом Дайєром і його сестрою Сторм, навіть щасливий, і змінює свою думку. Він навіть міг почуватися вдома з ними — чи не так?<br/><br/>«Довгий шлях додому» — це продумана історія про сиріт, сім'ю, кохання та пошук місця, яке можна назвати домом.
521 ## - Примітка про цільове призначення
Примітка про цільове призначення Для підлітків
525 ## - Примітка про додаток
Примітка про додаток Для старшого шкільного віку
546 ## - Примітка про мову
Примітка про мову укр.
650 ## - Тематичні рубрики
Основна рубрика Літературно-художне видання
942 ## - ADDED ENTRY ELEMENTS (KOHA)
Джерело класифікації чи схема поличного розташування
Koha item type Книги
Фонди
Статус вилучення Статус втрати/відсутності Джерело класифікації чи схема поличного розташування Статус пошкодження Тип обігу (не для випозичання) Постійне розташування Поточне розташування Дата надходження Джерело надходження (постачальник) Інвентарний номер Total Checkouts Повний (примірниковий) шифр зберігання Штрих-код Date last seen Дата, для якої чинна ціна заміни Тип одиниці (рівень примірника)
          Бібліотека-філія № 1 для дітей Бібліотека-філія № 1 для дітей 23/04/2026 Подаровані 80876   821(410) 19441 27/05/2026 27/05/2026 Книги

Працює на АБІС Коха